Statistics for Dragon Ball FighterZ All Characters

Click here to take the quiz!

General Stats

  • This quiz has been taken 132 times
  • The average score is 33 of 41

Answer Stats

HintAnswer% Correct
DBZGoku
100%
DBGT/DLCGoku(GT)
100%
DBSGoku(SSGSS)
100%
DBZVegeta
100%
DBZ/DLCVegeta(Base)
100%
DBSVegeta(SSGSS)
100%
DBZGohan(Adult)
94%
DBZFrieza
93%
DBS/DLCAndroid 17
89%
DBZAndroid 18
89%
DBZ/DLCGogeta
89%
DBZKrillin
88%
DBZBroly
87%
DBS/DLCBroly(DBS)
87%
DBZTrunks
87%
DBZ/DLCVegito
86%
DBZYamcha
86%
DBZCell
85%
DBZKid Buu
85%
DBZMajin Buu
85%
DBZTien
84%
DBSBeerus
83%
DBZAndroid 16
82%
DBFZAndroid 21
80%
DBSGoku Black
80%
DBS/DLCJiren
80%
DBZPiccolo
80%
DBZNappa
79%
DBSHit
76%
DBS/DLCFused Zamasu
75%
DBZGotenks
73%
DBSKefla
71%
DBZ/DLCCooler
69%
DBZ/DLCJanemba
69%
DBZMaster Roshi
69%
DBZ/DLCBardock
68%
DBZCaptain Ginyu
67%
DBZ/DLCVidel
67%
DBSGoku(Ultra Instinct)
57%
DBZGohan(Teen)
38%
DBZ/DLCGoku(Base)
29%

Score Distribution

Percentile by Number Answered

Percent of People with Each Score

Your Score History

You have not taken this quiz